[Event "JUG-chT Cetinje"]
[Site "Cetinje"]
[Date "1990.??.??"]
[Round "7"]
[White "Jukic, Mirko"]
[Black "Todorcevic, Miodrag"]
[Result "0-1"]
[WhiteElo "2430"]
[BlackElo "2550"]

1.d4 g6 2.c4 Bg7 3.Nf3 d6 4.Nc3 Nd7 5.e4 e5 6.Be2 Ngf6 7.O-O O-O 8.Be3 Ng4
9.Bg5 f6 10.Bd2 Nh6 11.Qc2 Nf7 12.Rad1 c6 13.Be3 Qe8 14.Rfe1 Nh6 15.d5 c5
16.Nb5 Qe7 17.b4 Ng4 18.Bd2 f5 19.Ng5 b6 20.exf5 Ndf6 21.fxg6 a6 22.gxh7+ Kh8
23.Nc3 Nxf2 24.Kxf2 cxb4 25.Kg1 bxc3 26.Qxc3 b5 27.Be3 bxc4 28.Qxc4 e4 29.Bd4 Bf5
30.Bf3 Rac8 31.Qb3 Rb8 32.Qc3 Rbc8 33.Qb3 Rb8 34.Qa3 Rbe8 35.Qa4 Nd7 36.Nxe4 Be5
37.Bxe5+ Nxe5 38.Ng3 Bxh7 39.Bg4 Qg7 40.Be6 Nd3 41.Nh5 Qa7+  0-1

[Event "JUG-chT Cetinje"]
[Site "Cetinje"]
[Date "1990.??.??"]
[Round "9"]
[White "Pajkovic, Vladimir"]
[Black "Strikovic, Aleksa"]
[Result "0-1"]
[WhiteElo "2425"]
[BlackElo "2465"]

1.Nf3 g6 2.e4 Bg7 3.d4 d6 4.c4 Nd7 5.Be2 e5 6.O-O Ngf6 7.Nc3 O-O 8.Be3 Ng4
9.Bg5 f6 10.Bc1 Nh6 11.d5 a5 12.a3 Nc5 13.Be3 f5 14.exf5 gxf5 15.Bg5 Qd7
16.b4 axb4 17.axb4 Rxa1 18.Qxa1 Na6 19.Qa3 Nf7 20.Be3 Qe7 21.Ne1 e4 22.c5 Qe5
23.Nb5 dxc5 24.bxc5 Qxd5 25.Na7 Bd7 26.Nc2 Ne5 27.Rd1 Qf7 28.g3 Be6 29.Rd4 Nc4
30.Bxc4 Bxc4 31.c6 Bxd4 32.Nxd4 b6 33.Qc3 Bd3 34.Nab5 Qa2 35.h4 Bxb5 36.Nxb5 Qb1+
37.Kh2 Qxb5 38.Bh6 Rf7 39.Qd2 Qd3 40.Qg5+ Kh8  0-1

[Event "Cheliabinsk-B"]
[Site "Cheliabinsk"]
[Date "1990.??.??"]
[Round "?"]
[White "Sherbakov, Ruslan"]
[Black "Varavin, Viktor"]
[Result "1/2-1/2"]
[WhiteElo "2425"]
[BlackElo "2445"]

1.d4 Nf6 2.c4 g6 3.Nc3 Bg7 4.e4 d6 5.Nf3 O-O 6.Be2 e5 7.O-O Nbd7 8.Be3 Ng4
9.Bg5 f6 10.Bc1 Re8 11.Rb1 a5 12.a3 Nf8 13.h3 Nh6 14.dxe5 fxe5 15.Bg5 Qd7
16.Nd5 Nf7 17.Be3 Ne6 18.b4 axb4 19.axb4 Nf4 20.Nxf4 exf4 21.Bxf4 Rxe4 22.Qd2 Ra3
23.Be3 Qa4 24.Bd3 Re7 25.Bc2 Qc6 26.Nd4 Qe8 27.Bb3 c6 28.Nc2 Ra8 29.Bd4 Bf5
30.Bxg7 Kxg7 31.Qc3+ Kg8 32.Rbd1 Qf8 33.Nd4 Qg7 34.Qd2 Bd7 35.Rfe1 Rae8 36.Rxe7 Rxe7  1/2-1/2

[Event "USA Masters"]
[Site "Chicago"]
[Date "1990.??.??"]
[Round "4"]
[White "McCambridge, Vincent"]
[Black "Morris, Walter D"]
[Result "0-1"]
[WhiteElo "2480"]
[BlackElo "2345"]

1.c4 Nf6 2.Nc3 g6 3.d4 Bg7 4.e4 d6 5.Nf3 O-O 6.Be2 e5 7.dxe5 dxe5 8.Qxd8 Rxd8
9.Bg5 c6 10.c5 h6 11.Be3 Ng4 12.Bd2 Be6 13.h3 Nf6 14.O-O-O Nbd7 15.Be3 Bf8
16.b4 b6 17.b5 cxb5 18.c6 Rac8 19.Bxb5 a6 20.Kb2 axb5 21.cxd7 Nxd7 22.Nxb5 Rc4
23.Nc3 Ra8 24.Nd2 Rb4+ 25.Kc2 Rc8 26.Ra1 Ra4 27.Kd3 Ra3 28.Nb1 Bc4+ 29.Kc2 Raa8
30.Kb2 Nc5 31.Rd1 b5 32.Nd2 Be6 33.Ndb1 Na4+ 34.Nxa4 Rxa4 35.Nd2 Rb4+ 36.Nb3 Rxe4
37.Rac1 Rec4 38.Rxc4 bxc4 39.Nc1 f5 40.Ne2 Bg7 41.Nc3 f4 42.Bc1 Bf5 43.a4 g5
44.Nd5 Rb8+ 45.Kc3 Bd3 46.Rxd3 cxd3 47.Kxd3 Rb1 48.Bd2 Rb2 49.Nc3 Bf8 50.a5 Bb4
51.a6 Bxc3 52.Bxc3 Ra2 53.Bxe5 Rxa6 54.Ke4 Kf7 55.Kf5 Ra2 56.g3 fxg3 57.Bxg3 Ra4
58.f3 Ra3 59.Kg4 Kg6 60.Bc7 h5+ 61.Kg3 Kf5 62.Kg2 Ra2+ 63.Kg1 Rc2 64.Bb8 Ke6
65.Ba7 Ke5 66.Bb8+ Kd4 67.Ba7+ Kd3 68.Bb6 Ke2 69.Kg2 h4 70.Bd4 Rc6 71.Be5 Rc5
72.f4 Ke3 73.Bd6 Rc2+ 74.Kg1 gxf4 75.Be7 f3 76.Bxh4 Rc1+ 77.Kh2 f2  0-1

[Event "USA Masters"]
[Site "Chicago"]
[Date "1990.??.??"]
[Round "5"]
[White "Lindsay, Fred"]
[Black "Shirazi, Kamran G"]
[Result "1/2-1/2"]
[WhiteElo "2300"]
[BlackElo "2420"]

1.c4 Nf6 2.Nc3 d6 3.d4 g6 4.e4 Bg7 5.Be2 O-O 6.Nf3 Qe8 7.O-O e5 8.d5 Nh5
9.Ne1 Nf4 10.Nd3 g5 11.g3 Nxe2+ 12.Qxe2 f5 13.Bxg5 Qg6 14.Bh4 fxe4 15.Nxe4 Bh3
16.f3 Bxf1 17.Rxf1 Nd7 18.Kg2 Rf5 19.Ndf2 Raf8 20.Nd1 Rf4 21.Kh3 Rxh4+ 22.gxh4 Rf4
23.Qf2 Nf8 24.Ne3 Qh5 25.Qg3 Ng6 26.Ng4 Kh8 27.b3 Bf8 28.Kg2 Be7 29.Kh1 Bxh4
30.Qh3 Qf5 31.Qg2 Be7 32.Ne3 Qh5 33.Ng3 Qg5 34.Ne2 Rf8 35.Qxg5 Bxg5 36.Ng2 Bd2
37.Ng3 Bb4 38.Ne4 a5 39.h3 Ba3 40.Kh2 h6 41.Kg3 Rg8 42.Kh2 Bb2 43.Rd1 Bd4
44.Rd3 Rg7 45.Rd2 Rf7 46.Rd3 Kg8 47.Ng3 Kf8 48.a3 Bc5 49.b4 axb4 50.axb4 Bxb4
51.Rb3 Ba5 52.Rxb7 Rxf3 53.Rb5 Ra3 54.Ne4 Ra4 55.Rb8+ Ke7 56.Ne3 Ra2+ 57.Kg3 Ra3
58.Kf2 Bb6 59.c5 Bxc5 60.Nxc5 dxc5 61.Nf5+ Kf6 62.Ng3 Nf4 63.Ne4+ Kf5 64.Nxc5 Nd3+
65.Nxd3 Rxd3 66.Rc8 Rxd5 67.Rxc7 Rd2+ 68.Kg3 Rd3+ 69.Kg2 Rd6 70.Kf2 Ke4 71.Rc4+ Kd3
72.Ra4 Rf6+ 73.Ke1 Rf4 74.Ra6 h5 75.Ra5 Ke4 76.Ke2 Kf5 77.Ra3 Rb4 78.Ke3 Rb2
79.Kf3 Rd2 80.Ra8 Rd3+ 81.Kg2 Rd4 82.Rf8+ Ke6 83.Re8+ Kd5 84.Rd8+ Kc4 85.Re8 e4
86.Re5 Kd3 87.Rxh5 e3 88.Re5 Kd2 89.Kf3 Rd8 90.h4 Rf8+ 91.Kg4 Rg8+  1/2-1/2

[Event "USA Masters"]
[Site "Chicago"]
[Date "1990.??.??"]
[Round "7"]
[White "Djuric, Stefan"]
[Black "Morris, Walter D"]
[Result "1-0"]
[WhiteElo "2495"]
[BlackElo "2345"]

1.Nf3 Nf6 2.c4 g6 3.Nc3 Bg7 4.e4 d6 5.d4 O-O 6.Be2 e5 7.d5 Nbd7 8.Qc2 c6
9.h3 a5 10.Be3 Ne8 11.g4 Ndf6 12.Nd2 Kh8 13.f3 Ng8 14.h4 h5 15.O-O-O Ngf6
16.Rhg1 Bd7 17.Kb1 c5 18.Na4 Ra6 19.Nf1 Qc8 20.Ng3 hxg4 21.h5 Nxh5 22.fxg4 Nf4
23.Bf3 Kg8 24.Nc3 f6 25.Bxf4 exf4 26.Nf5 Kf7 27.Nxg7 Nxg7 28.g5 f5 29.Rde1 Re8
30.Qh2 Re5 31.Qxf4 Qe8 32.Rh1 Ra8 33.Rh7 Qe7 34.Reh1 Rg8 35.R1h6 Rf8 36.Qh4 Rg8
37.Rxg6 fxe4  1-0

[Event "Copenhagen op"]
[Site "Copenhagen"]
[Date "1990.??.??"]
[Round "4"]
[White "Adamski, Jan"]
[Black "Dannevig, Oystein"]
[Result "1-0"]
[WhiteElo "2410"]
[BlackElo "2245"]

1.Nf3 Nf6 2.c4 g6 3.Nc3 Bg7 4.e4 d6 5.d4 O-O 6.Be2 e5 7.Be3 Nc6 8.d5 Ne7
9.Nd2 Ne8 10.O-O f5 11.f3 f4 12.Bf2 g5 13.c5 h5 14.Nc4 Rf6 15.cxd6 cxd6 16.Nb5 b6
17.a4 Bd7 18.Qb3 g4 19.Nxe5 dxe5 20.d6+ Kh8 21.dxe7 Qxe7 22.Bh4 g3 23.Bxf6 Qxf6
24.h3 Qh4 25.Bc4 Bxh3 26.gxh3 Qxh3 27.Qc2 Bf8 28.Rfd1 Bc5+ 29.Nd4 Bxd4+ 30.Rxd4 exd4
31.Rd1 Rd8 32.e5 Ng7 33.Rd2 Qf5 34.Bd3 Qxe5 35.Re2 Qd6 36.Qc4 h4 37.Qb5 Rc8
38.Qg5 Rc5 39.Qxh4+ Rh5 40.Re8+ Nxe8 41.Qxh5+ Kg7 42.Qxe8 a5 43.Kg2 Qf6 44.b3 Qd6
45.Bc4 d3 46.Qf7+ Kh6 47.Be6 Qe5 48.Bf5 Qd6 49.Qh7+ Kg5 50.Bxd3 Qf6 51.Qg8+ Kh5
52.Qd5+ Kh4 53.Qf5 Qxf5 54.Bxf5 Kg5 55.Bd3 Kh4 56.Bf1 Kg5 57.Bc4 Kh4 58.Bb5 Kg5
59.Bf1 Kh4 60.Kh1 Kg5 61.Kg1 Kf6 62.Kh1 Ke5  1-0

[Event "Obro-B"]
[Site "Copenhagen"]
[Date "1990.??.??"]
[Round "5"]
[White "Bang, Andreas"]
[Black "Lokasto, Anatol"]
[Result "1/2-1/2"]
[WhiteElo "2345"]
[BlackElo "2335"]

1.Nf3 Nf6 2.c4 g6 3.Nc3 d6 4.d4 Nbd7 5.e4 e5 6.Be2 Bg7 7.O-O O-O 8.Qc2 h6
9.Rd1 Nh7 10.dxe5 dxe5 11.c5 Qe7 12.b4 c6 13.Rb1 Re8 14.Be3 a5 15.a3 Ndf8
16.b5 Ne6 17.bxc6 bxc6 18.Rd6 Qc7 19.Rb6 Nd8 20.Bb5 cxb5 21.Nd5 Qa7 22.c6 Ne6
23.Rb7 Qa6 24.Rb6 Qa7 25.Rb7  1/2-1/2

[Event "Obro-B"]
[Site "Copenhagen"]
[Date "1990.??.??"]
[Round "8"]
[White "Bang, Andreas"]
[Black "Manolov, Ivan"]
[Result "1/2-1/2"]
[WhiteElo "2345"]
[BlackElo "2360"]

1.Nf3 Nf6 2.c4 g6 3.Nc3 Bg7 4.e4 d6 5.d4 O-O 6.Be2 e5 7.dxe5 dxe5 8.Qxd8 Rxd8
9.Bg5 Re8 10.Nd5 Nxd5 11.cxd5 c6 12.Bc4 cxd5 13.Bxd5 Nc6 14.Ke2  1/2-1/2

[Event "Copenhagen K41"]
[Site "Copenhagen"]
[Date "1990.??.??"]
[Round "9"]
[White "Brinck Claussen, Bjorn"]
[Black "Kristiansen, Jens"]
[Result "1-0"]
[WhiteElo "2395"]
[BlackElo "2445"]

1.d4 Nf6 2.c4 g6 3.Nc3 Bg7 4.e4 d6 5.Be2 O-O 6.Nf3 e5 7.O-O Na6 8.Re1 exd4
9.Nxd4 Nc5 10.Bf1 Re8 11.f3 a5 12.Be3 a4 13.Qd2 c6 14.Kh1 Nfd7 15.Rab1 Ne5
16.Red1 Qe7 17.Nc2 Bf8 18.b4 axb3 19.axb3 f5 20.b4 Na4 21.Nxa4 Rxa4 22.c5 fxe4
23.cxd6 Qe6 24.f4 Nd7 25.Qc3 Nf6 26.Bc4 Nd5 27.Qb3 b5 28.Bxd5 cxd5 29.Nd4 Qxd6
30.Nxb5 Rxb4 31.Nxd6 Rxb3 32.Nxe8 Rxe3 33.Nf6+ Kg7 34.Nxd5 Ra3 35.Rbc1 Be6
36.Rc7+ Bf7 37.Nc3 e3 38.h3 Kg8 39.Rd8 Ra1+ 40.Kh2 Rf1 41.Rcc8  1-0

[Event "Dieren op"]
[Site "Dieren"]
[Date "1990.??.??"]
[Round "9"]
[White "De Boer, Gert Jan"]
[Black "Mazi, Leon"]
[Result "1/2-1/2"]
[WhiteElo "2400"]
[BlackElo "2295"]

1.d4 Nf6 2.Nf3 g6 3.c4 Bg7 4.Nc3 O-O 5.e4 d6 6.Be2 Nbd7 7.O-O e5 8.Be3 Ng4
9.Bg5 f6 10.Bc1 Nh6 11.Qc2 Nf7 12.Rd1 Bh6 13.Bxh6 Nxh6 14.Rac1 c6 15.b4 Qe7
16.c5 dxc5 17.dxc5 Re8 18.Bc4+ Kg7 19.Rd3 Nf8 20.Rcd1 Bg4 21.h3  1/2-1/2

[Event "Dortmund-B"]
[Site "Dortmund"]
[Date "1990.??.??"]
[Round "?"]
[White "Skembris, Spyridon"]
[Black "Mainka, Romuald"]
[Result "0-1"]
[WhiteElo "2470"]
[BlackElo "2445"]

1.d4 Nf6 2.Nf3 g6 3.c4 Bg7 4.Nc3 O-O 5.e4 d6 6.Be2 e5 7.d5 a5 8.O-O Na6 9.Be3 Ng4
10.Bg5 f6 11.Bh4 h5 12.Nd2 Qe8 13.h3 Nh6 14.a3 Bd7 15.b4 axb4 16.axb4 Qc8
17.Qb3 Kh8 18.Nb5 Nf7 19.Rfb1 Kh7 20.Qd1 Qd8 21.f3 Bh6 22.Nf1 Bg5 23.Bf2 f5
24.Qe1 Bf4 25.Nc3 Qe7 26.Ra5 fxe4 27.Nxe4 Bf5 28.Bd3 Ng5 29.Nxg5+ Qxg5 30.Bh4 Qh6
31.Be4 Bxe4 32.fxe4 g5 33.Bf2 g4 34.g3 gxh3 35.gxf4 Qg6+ 36.Bg3 exf4 37.Kh2 h4
38.Rb3 Rg8 39.Raa3 Raf8 40.Kxh3 fxg3 41.Nxg3 hxg3 42.Rxg3 Qh5+ 43.Kg2 Nxb4
44.e5 dxe5 45.Rb3 Na6 46.Re3 e4  0-1

[Event "Dortmund op"]
[Site "Dortmund"]
[Date "1990.??.??"]
[Round "7"]
[White "Serrer, Christoph"]
[Black "Halasz, Tamas"]
[Result "1/2-1/2"]
[WhiteElo "2265"]
[BlackElo "2415"]

1.Nf3 Nf6 2.c4 g6 3.Nc3 Bg7 4.e4 d6 5.d4 O-O 6.Be2 e5 7.dxe5 dxe5 8.Qxd8 Rxd8
9.Bg5 Re8 10.Nd5 Nxd5 11.cxd5 c6 12.Bc4 cxd5 13.Bxd5 Na6 14.O-O-O Nb4 15.Bb3 Be6
16.Bxe6 Rxe6 17.a3 Rc8+ 18.Kb1 Nc2 19.Rd2 h6 20.Rhd1 hxg5 21.Rd8+ Rxd8 22.Rxd8+ Bf8
23.Kxc2 g4 24.Ne1 Re7 25.f3 gxf3 26.Nxf3 Kg7 27.Rd5 f6 28.g4 g5 29.h4 gxh4
30.Nxh4 Rc7+ 31.Kd3 Kh6 32.Nf3 Kg6 33.Ra5 a6 34.Ra4 Bh6 35.Rc4 Rd7+ 36.Ke2 Bf4
37.Rc8 Kh7 38.Rf8 Kg7 39.Rc8 Kf7 40.a4 Ke6 41.Re8+ Kf7 42.Rc8 Ke7 43.Rg8 Kf7  1/2-1/2

[Event "Dortmund op"]
[Site "Dortmund"]
[Date "1990.??.??"]
[Round "7"]
[White "Giorgadze, Tamaz"]
[Black "Kochyev, Alexander"]
[Result "1/2-1/2"]
[WhiteElo "2485"]
[BlackElo "2450"]

1.d4 Nf6 2.c4 g6 3.Nc3 Bg7 4.e4 d6 5.Be2 O-O 6.Nf3 e5 7.O-O Na6 8.Re1 Qe8
9.Bf1 Bg4 10.Be3 Bxf3 11.Qxf3 Ng4  1/2-1/2

[Event "Dresden (Women)"]
[Site "Dresden"]
[Date "1990.??.??"]
[Round "?"]
[White "Goehler, Antje"]
[Black "Geissler, Grit"]
[Result "1/2-1/2"]
[WhiteElo "2170"]
[BlackElo "2065"]

1.d4 Nf6 2.c4 g6 3.Nc3 Bg7 4.e4 d6 5.Be2 O-O 6.Nf3 Nbd7 7.O-O e5 8.Qc2 Ng4
9.d5 f5 10.exf5 gxf5 11.Ng5 Ndf6 12.Ne6 Bxe6 13.dxe6 f4 14.f3 Nh6 15.Bd3 c6
16.g4 Ne8 17.Kh1 Nc7 18.Rg1 Nxe6 19.Bxh7+ Kh8 20.Be4  1/2-1/2

[Event "Dresden (Women)"]
[Site "Dresden"]
[Date "1990.??.??"]
[Round "?"]
[White "Geissler, Grit"]
[Black "Muresan, Margareta"]
[Result "0-1"]
[WhiteElo "2065"]
[BlackElo "2195"]

1.c4 Nf6 2.Nc3 g6 3.d4 Bg7 4.e4 d6 5.Nf3 O-O 6.Be2 e5 7.O-O Na6 8.a3 exd4
9.Nxd4 Re8 10.f3 c6 11.Kh1 Nc7 12.Bg5 h6 13.Bh4 Qe7 14.Bd3 g5 15.Bf2 Nh5
16.Bc2 Be5 17.g3 Ng7 18.Qd2 Nce6 19.Rad1 Nxd4 20.Bxd4 Bh3 21.Rf2 Ne6 22.Be3 Red8
23.f4 Bf6 24.Qe2 Ng7 25.g4 gxf4 26.Rxf4 Be5 27.Qf3 Qh4 28.Bf2 Qg5 29.Qxh3 Qxf4
30.Be3 Qf6 31.Bxh6 Re8 32.Rf1 Qg6 33.Bd2 Ne6 34.Qg2 Kf8 35.h4 Ke7 36.h5 Rh8
37.Kg1 Bd4+ 38.Kh1 Rag8  0-1

[Event "Ermua"]
[Site "Ermua"]
[Date "1990.??.??"]
[Round "1"]
[White "Izeta Txabarri, Felix"]
[Black "Alonso, Juan Ignacio"]
[Result "0-1"]
[WhiteElo "2380"]
[BlackElo "2280"]

1.d4 Nf6 2.Nf3 g6 3.c4 Bg7 4.Nc3 O-O 5.e4 d6 6.Be2 e5 7.Be3 Nc6 8.d5 Ne7
9.Nd2 Nd7 10.h4 f5 11.f3 f4 12.Bf2 Nf6 13.c5 Nh5 14.cxd6 cxd6 15.Nc4 Rf6
16.Nb5 Ng3 17.Rh2 Bd7 18.a4 Bf8 19.Nxa7 Rf7 20.Qb3 Qb8 21.Nb5 Nc8 22.Rc1 Ra6
23.Bd3 Qa8 24.Ra1 Bxb5 25.Qxb5 Na7 26.Qb4 b5 27.Na5 Qb8 28.axb5 Rb7 29.Rc1 Rbb6
30.Nc6 Nxc6 31.dxc6 Rxc6 32.Qb3+ Kg7 33.Rxc6 Rxc6 34.Kd2 d5 35.exd5 Rc8 36.b6 Qd6
37.b7 Rb8 38.Bc4 Qc7 39.Kd3 Rxb7 40.Qc2 Qb8 41.b3 Nf5 42.Rh1 Qa8 43.Qc3 Bd6
44.Ra1 Qf8 45.Ra6 Kh6 46.Qc1 Bc5 47.Qe1 Bxf2 48.Qxf2 Ne3 49.Qa2 Qc5 50.Ra4 Qd4+
51.Ke2 Qd1+ 52.Kf2 Qh1 53.Qe2 Nd1+  0-1

[Event "ESP-chT"]
[Site "?"]
[Date "1990.??.??"]
[Round "?"]
[White "Corral Blanco, Juan A"]
[Black "Comas Fabrego, Luis"]
[Result "0-1"]
[WhiteElo "2360"]
[BlackElo "2350"]

1.d4 Nf6 2.c4 g6 3.Nc3 Bg7 4.e4 d6 5.Nf3 O-O 6.Be2 e5 7.O-O Na6 8.Re1 c6
9.Bf1 exd4 10.Nxd4 Ng4 11.Nf3 Qb6 12.Re2 Be6 13.h3 Ne5 14.Nxe5 Bxe5 15.Rc2 Nb4
16.Be3 Qa6 17.Rd2 c5 18.Nb5 Rad8 19.Bh6 Qb6 20.Bxf8 Kxf8 21.g3 Nc6 22.Rc1 a6
23.Nc3 Nd4 24.Kh1 Qc6 25.Nd5 Qc8 26.Kh2 Bxd5 27.cxd5 a5 28.a4 Qd7 29.Rd3 Bg7
30.Bg2 h5 31.h4 Kg8 32.b3 b5 33.f4 bxa4 34.bxa4 Rb8 35.e5 dxe5 36.Rxc5 exf4
37.Rxd4 fxg3+ 38.Kxg3 Qd6+ 39.Kh3 Qxc5 40.Rd3 Rb4 41.Qc2 Qc4 42.Bf3 Qxh4+
43.Kg2 Rb2  0-1

[Event "ESP-chT"]
[Site "?"]
[Date "1990.??.??"]
[Round "?"]
[White "Villavicencio, Adalberto"]
[Black "Rivas Pastor, Manuel"]
[Result "1/2-1/2"]
[WhiteElo "2320"]
[BlackElo "2505"]

1.d4 d6 2.Nf3 Nf6 3.c4 g6 4.Nc3 Bg7 5.e4 O-O 6.Be2 e5 7.O-O Nbd7 8.Be3 Ng4
9.Bg5 f6 10.Bc1 Nh6 11.Qc2 c6 12.b3 Qe7 13.dxe5 fxe5 14.Bg5 Nf6 15.Ne1 Nf7
16.Be3 Nd8 17.Qd2 Ne6 18.Rd1 Rd8 19.Nc2 b6 20.b4 Bb7 21.f3 c5 22.Nd5 Bxd5
23.cxd5 Nd4 24.bxc5 bxc5 25.Rb1 Rdb8 26.Bc4 Nd7 27.Na3 Qd8 28.Rxb8 Rxb8 29.Rb1 Bf6
30.Bf1 Rb6 31.Rxb6 axb6 32.Nb5 Qb8 33.Bc4 Kf7 34.Qd1 Be7 35.Qa4 Nf6 36.Kf2 g5
37.Bxg5 Nxe4+ 38.fxe4 Bxg5 39.Qa7+ Qxa7 40.Nxa7 Bh4+ 41.g3 Be7 42.a4  1/2-1/2

[Event "ESP-chT"]
[Site "?"]
[Date "1990.??.??"]
[Round "?"]
[White "Braga, Fernando"]
[Black "Magem Badals, Jorge"]
[Result "1/2-1/2"]
[WhiteElo "2480"]
[BlackElo "2460"]

1.d4 Nf6 2.Nf3 g6 3.c4 Bg7 4.Nc3 O-O 5.e4 d6 6.Be2 e5 7.O-O Na6 8.Rb1 c6
9.Re1 exd4 10.Nxd4 Re8 11.f3 Nh5 12.g4 Be5 13.gxh5 Qh4 14.f4 Bxd4+ 15.Qxd4 Qxe1+
16.Bf1 Qh4 17.b4 Nc7 18.Qxd6 Ne6 19.Qd2 Qxh5 20.e5 f5 21.exf6 Qf5 22.Bg2 Nd8
23.Bb2 Nf7 24.Ne4 Be6 25.Rc1 Rad8 26.Qf2 Bxc4 27.Ng3 Qb5 28.f5 Bxa2 29.Bf1 Qxb4
30.fxg6 hxg6 31.Qc2 Qb6+ 32.Kg2 Bd5+ 33.Kh3 Be6+ 34.Kg2 Bd5+ 35.Kh3  1/2-1/2

[Event "ESP-chT"]
[Site "?"]
[Date "1990.??.??"]
[Round "?"]
[White "Garcia Padron, J."]
[Black "Cramling, Pia"]
[Result "1/2-1/2"]
[WhiteElo "2420"]
[BlackElo "2470"]

1.Nf3 Nf6 2.c4 g6 3.Nc3 Bg7 4.e4 d6 5.d4 O-O 6.Be2 e5 7.O-O Na6 8.Re1 c6
9.Rb1 Re8 10.d5 Nc5 11.Nd2 a5 12.b3 Bh6 13.Qc2 Bd7 14.Bf1 Qb8 15.Nf3 Bxc1
16.Qxc1 cxd5 17.cxd5 Rc8 18.Qb2 b5 19.b4 axb4 20.Qxb4 Na6 21.Qb2 b4 22.Nd1 Nc5
23.Nd2 Qa7 24.Ra1 Rab8 25.Rc1 Rc7 26.Rc4 Rcb7 27.Nb3 Nxb3 28.axb3 Bb5 29.Rc2 Bxf1
30.Kxf1 Rc7 31.Rxc7 Qxc7 32.Qd2 Qc5 33.f3 Nd7 34.Ne3 Qc3 35.Qxc3 bxc3 36.Rb1 Nc5
37.b4 Nd3 38.b5 Kf8 39.Rb3 Nc5 40.Rxc3 Rxb5 41.Ra3  1/2-1/2

[Event "ESP-ch"]
[Site "ESP"]
[Date "1990.??.??"]
[Round "7"]
[White "Garcia Luque, Agustin"]
[Black "Magem Badals, Jorge"]
[Result "0-1"]
[WhiteElo "2370"]
[BlackElo "2470"]

1.d4 Nf6 2.Nf3 g6 3.c4 Bg7 4.Nc3 O-O 5.e4 d6 6.Be2 e5 7.O-O Na6 8.Re1 c6
9.Bf1 Bg4 10.Be3 exd4 11.Bxd4 Re8 12.h3 Bxf3 13.Qxf3 Nb4 14.Rac1 c5 15.Be3 Nc6
16.Rcd1 Qa5 17.Bf4 Nd4 18.Qd3 Rad8 19.Bd2 Qb6 20.Bg5 Rc8 21.Bc1 Nd7 22.f4 a6
23.g3 Nb8 24.Bg2 Nbc6 25.Nd5 Qa5 26.a3 b5 27.Kh1 Rb8 28.g4 Qa4 29.cxb5 axb5
30.Qg3 Ne7 31.Ne3 Qb3 32.Qh4 h6 33.e5 dxe5 34.g5 h5 35.fxe5 Rbd8 36.Qe4 Nef5
37.Nxf5 Nxf5 38.Rxd8 Rxd8 39.Kh2 Qg3+ 40.Kg1 Rd4 41.Qe2 Nh4  0-1

[Event "AUT-ch sf"]
[Site "Finkenstein"]
[Date "1990.??.??"]
[Round "?"]
[White "Druckenthaner, Andreas"]
[Black "Ivancsics, Michael"]
[Result "0-1"]
[WhiteElo "2295"]
[BlackElo "2230"]

1.d4 Nf6 2.c4 g6 3.Nc3 Bg7 4.e4 d6 5.Nf3 O-O 6.Be2 e5 7.d5 a5 8.O-O Na6 9.Be3 Nh5
10.g3 f5 11.exf5 gxf5 12.Ne1 Nf6 13.f4 Ng4 14.Bxg4 fxg4 15.Nd3 Bf5 16.fxe5 dxe5
17.Nf2 Qd6 18.Rc1 Qg6 19.a3 Rf7 20.c5 Bf8 21.Nb5 Bd7 22.a4 Rc8 23.Nd3 Rxf1+
24.Qxf1 Qe4 25.Re1 Qxd5 26.Nc3 Qe6 27.Bf4 Bg7 28.Nxe5 Re8 29.Qf2 Bc6 30.Qe3 Qb3
31.Qd2 Qb4 32.Nd3 Rxe1+ 33.Qxe1 Qd4+ 34.Qe3 Qxe3+ 35.Bxe3 Bxc3 36.bxc3 Bxa4
37.Ne5 Bd1 38.Bd4 a4 39.Nc4 Bb3 40.Na3 Kf7 41.Kf2 Ke6 42.Ke3 Kd5 43.Kf4 Bd1
44.Kg5 Nxc5 45.Kh6 Nb3 46.Be3 Ke4 47.Bf4  0-1

[Event "Forli op"]
[Site "Forli"]
[Date "1990.??.??"]
[Round "7"]
[White "Barbero, Gerardo F"]
[Black "Werner, Dimo"]
[Result "1-0"]
[WhiteElo "2450"]
[BlackElo "2350"]

1.d4 Nf6 2.c4 g6 3.Nc3 Bg7 4.e4 d6 5.Be2 O-O 6.Nf3 Nbd7 7.O-O e5 8.Qc2 c6
9.Rd1 Qe7 10.d5 c5 11.Bg5 h6 12.Bd2 Ne8 13.Bd3 Ndf6 14.a3 Bg4 15.Be2 Nh5
16.Qc1 Nf4 17.Bxf4 exf4 18.Qxf4 Bh5 19.g4 g5 20.Qg3 Bxc3 21.gxh5 Bxb2 22.Rab1 Bg7
23.h4 Nf6 24.Nd2 gxh4 25.Qxh4 b6 26.Qh1 Rae8 27.Bf3 Nd7 28.Bg4 Kh8 29.Kf1 f5
30.exf5 Qg5 31.Bh3 Nf6 32.Qf3 Re7 33.Rb3 Rfe8 34.Qg3 Qxh5 35.Rf3 Ne4 36.Nxe4 Rxe4
37.Rc1 Bb2 38.Rc2 Re1+ 39.Kg2 Be5  1-0

[Event "Forli op"]
[Site "Forli"]
[Date "1990.??.??"]
[Round "8"]
[White "Antonsen, Mikkel"]
[Black "Mauro, Alan"]
[Result "1-0"]
[WhiteElo "2355"]
[BlackElo "2240"]

1.d4 Nf6 2.c4 g6 3.Nc3 Bg7 4.e4 d6 5.Nf3 O-O 6.Be2 e5 7.d5 Nbd7 8.h4 Nc5
9.Nd2 Bh6 10.Qc2 a5 11.h5 Nxh5 12.Bxh5 gxh5 13.Rxh5 Bg7 14.f3 f5 15.exf5 Bxf5
16.Rxf5 Qh4+ 17.Ke2 e4 18.Rxf8+ Rxf8 19.Ncxe4 Qh2 20.Nxc5 Qxg2+ 21.Kd3 dxc5
22.Qd1 Rf4 23.Qf1 Rd4+ 24.Kc2 Qh2 25.Qe1 Bh6 26.Qe8+ Kg7 27.Qe7+ Kg8 28.Kb3 Bxd2
29.Bxd2 Rxd2 30.Qg5+ Kf7 31.Qf5+ Kg7 32.Qd7+ Kf6 33.Qe6+ Kg7 34.Qe7+ Kg8
35.Qf6 Qf2 36.Qd8+ Kg7 37.Qxc7+ Kg6 38.Qd6+ Kf7 39.Qe6+ Kf8 40.Qf6+ Ke8 41.d6 Qe3+
42.Ka4 Kd7 43.Rh1 Qe8 44.Rxh7+ Kc8+ 45.d7+ Rxd7 46.Rh8  1-0

[Event "FRA-chT"]
[Site "FRA"]
[Date "1990.??.??"]
[Round "?"]
[White "Olivier, Pierre"]
[Black "Belkhodja, Slim"]
[Result "0-1"]
[WhiteElo "2260"]
[BlackElo "2400"]

1.Nf3 Nf6 2.c4 g6 3.Nc3 Bg7 4.e4 d6 5.d4 O-O 6.Be2 e5 7.O-O Nbd7 8.d5 Nc5
9.Qc2 a5 10.Bg5 h6 11.Be3 Nfd7 12.Nd2 f5 13.exf5 gxf5 14.f4 e4 15.Nb3 Qe7
16.Rae1 Nxb3 17.axb3 Nc5 18.Kh1 Bd7 19.Rg1 Rae8 20.g4 Nd3 21.g5 Nxe1 22.Rxe1 hxg5  0-1

[Event "Frankfurt"]
[Site "Frankfurt"]
[Date "1990.??.??"]
[Round "?"]
[White "Kohlweyer, Bernd"]
[Black "Bewersdorff, Oliver"]
[Result "1-0"]
[WhiteElo "2395"]
[BlackElo "2325"]

1.c4 g6 2.e4 Bg7 3.d4 d6 4.Nc3 Nf6 5.Be2 O-O 6.Nf3 e5 7.O-O Nbd7 8.Re1 c6
9.Rb1 a6 10.Bf1 b5 11.b4 Bb7 12.dxe5 Nxe5 13.Nxe5 dxe5 14.Qc2 Qe7 15.a4 bxc4
16.Bxc4 Rfc8 17.Be3 Nd7 18.Qa2 Rcb8 19.a5 Bc8 20.Na4 Rxb4 21.Bxf7+ Kh8 22.Bc4 Bf8
23.Rbc1 Qd8 24.Nb6 Nxb6 25.Bxb6 Qf6 26.Rcd1 c5 27.Bd5 Rb8 28.Qe2 Rd4 29.Rc1 Rxb6
30.axb6 Qxb6 31.Qf3  1-0

[Event "Frankfurt"]
[Site "Frankfurt"]
[Date "1990.??.??"]
[Round "?"]
[White "Kozul, Zdenko"]
[Black "Alber, Horst"]
[Result "1-0"]
[WhiteElo "2575"]
[BlackElo "2340"]

1.d4 Nf6 2.Nf3 g6 3.c4 Bg7 4.Nc3 O-O 5.e4 d6 6.Be2 e5 7.O-O Nbd7 8.Qc2 a5
9.Rd1 Re8 10.dxe5 dxe5 11.Be3 Ng4 12.Bg5 f6 13.Bc1 c6 14.Na4 Qe7 15.c5 Kh8
16.Nd2 h5 17.Nc4 Rf8 18.Nd6 Ra7 19.Bxg4 hxg4 20.h3 Qe6 21.hxg4 Nb8 22.Rd3 Bd7
23.Nb6 Kg8 24.Bd2  1-0

[Event "Frankfurt"]
[Site "Frankfurt"]
[Date "1990.??.??"]
[Round "?"]
[White "Barbero, Gerardo F"]
[Black "Alber, Horst"]
[Result "1/2-1/2"]
[WhiteElo "2450"]
[BlackElo "2340"]

1.d4 Nf6 2.c4 g6 3.Nc3 Bg7 4.e4 O-O 5.Nf3 d6 6.Be2 e5 7.O-O Nbd7 8.Be3 c6
9.d5 c5 10.g3 Kh8 11.Qc2 Ng8 12.Nh4 Ndf6 13.f3 Nh5 14.Ng2 Bh3 15.Rf2 Qe7
16.Qd2 Rae8 17.Bf1 f5 18.Bg5 Bf6 19.Bxf6+ Ngxf6 20.Nh4 Bxf1 21.Raxf1 f4 22.g4 Ng7
23.Ng2 Rb8 24.h4 a6 25.a4 b6 26.Rb1 a5 27.Nb5 Nge8 28.Kf1 Ra8 29.Ke2 Nc7
30.Nxc7 Qxc7 31.Qc2 Nd7 32.g5 h5 33.Ne1  1/2-1/2

[Event "Frankfurt"]
[Site "Frankfurt"]
[Date "1990.??.??"]
[Round "?"]
[White "Epishin, Vladimir"]
[Black "Alber, Horst"]
[Result "1-0"]
[WhiteElo "2550"]
[BlackElo "2340"]

1.d4 Nf6 2.c4 g6 3.Nc3 Bg7 4.e4 d6 5.Nf3 O-O 6.Be2 e5 7.O-O Nbd7 8.Be3 c6
9.d5 c5 10.Ne1 Qe7 11.Rb1 a5 12.Nd3 Nb6 13.b3 Ne8 14.f3 f5 15.Nf2 f4 16.Bd2 g5
17.a3 Nd7 18.b4 axb4 19.axb4 h5 20.Ra1 Rxa1 21.Qxa1 cxb4 22.Nb5 Ndf6 23.h3 Bh6
24.Qd1 Nc7 25.Bxb4 Nxb5 26.cxb5 Rf7 27.Qc2 Bd7 28.Qc7 Bf8 29.Ra1 g4 30.Ra8 Ne8
31.Qd8 gxh3 32.Nxh3 Kg7 33.Ng5 Rf6 34.b6 Rg6 35.Ne6+ Bxe6 36.Qxe7+ Bxe7 37.dxe6  1-0

[Event "Gausdal Int"]
[Site "Gausdal"]
[Date "1990.??.??"]
[Round "1"]
[White "Ostenstad, Berge"]
[Black "Popovych, Orest"]
[Result "1/2-1/2"]
[WhiteElo "2425"]
[BlackElo "2275"]

1.d4 Nf6 2.Nf3 g6 3.c4 Bg7 4.Nc3 O-O 5.e4 d6 6.Be2 Nbd7 7.O-O e5 8.Re1 c6
9.Bf1 exd4 10.Nxd4 Re8 11.Bg5 h6 12.Bh4 Qb6 13.Nb3 a5 14.Rb1 a4 15.Na1 Nc5
16.Bxf6 Bxf6 17.Qxd6 Re6 18.Qd2 Re5 19.Kh1 Rh5 20.Nc2 Qc7 21.g3 Bg4 22.Qe3 Re8
23.Bg2 Rd8 24.f4 Rd3 25.Qf2 Bxc3 26.bxc3 Rxc3 27.Ne3 Be6 28.Red1 Nd3 29.Qd2 Qa5
30.f5 gxf5 31.exf5 Bxf5 32.Rxb7 Qe5 33.Bf3 Be4 34.Qg2 Nc5 35.Bxe4 Qxe4 36.Rb8+ Kg7
37.g4 Rh3 38.Nf5+ Kh7 39.Rf8 Rhd3 40.Rxf7+ Kg6 41.Rg7+ Kf6 42.Rf1 Rc2 43.Qxe4 Nxe4
44.Rg8 Nf2+ 45.Kg1 Nh3+ 46.Kh1 Nf2+ 47.Kg1 Nh3+ 48.Kh1  1/2-1/2